Linear Analysis of Frameworks / (Record no. 4434)

MARC details
000 -LEADER
fixed length control field 01004nac a22002171u 4500
008 - FIXED-LENGTH DATA ELEMENTS--GENERAL INFORMATION
fixed length control field 100907t xxu||||| |||| 00| 0 eng d
010 ## - LIBRARY OF CONGRESS CONTROL NUMBER
LC control number 83004332
020 ## - INTERNATIONAL STANDARD BOOK NUMBER
International Standard Book Number 0470274492 (Halsted)
020 ## - INTERNATIONAL STANDARD BOOK NUMBER
International Standard Book Number 0853126135 (Ellis Horwood Limited Publishers- Library Edn.)
020 ## - INTERNATIONAL STANDARD BOOK NUMBER
International Standard Book Number 0853126143(Ellis Horwood Limited Publishers- Student End.)
082 00 - DEWEY DECIMAL CLASSIFICATION NUMBER
Classification number 624.1773
Item number SMI
100 ## - MAIN ENTRY--PERSONAL NAME
Personal name Graves-Smith, T. R.
9 (RLIN) 18578
245 10 - TITLE STATEMENT
Title Linear Analysis of Frameworks /
Statement of responsibility, etc T.R. Graves Smith.
260 ## - PUBLICATION, DISTRIBUTION, ETC. (IMPRINT)
Place of publication, distribution, etc Chichester, West Sussex :
Name of publisher, distributor, etc Ellis Horwood ;
Place of publication, distribution, etc New York :
Name of publisher, distributor, etc Halsted Press,1983
Date of publication, distribution, etc 1983.
300 ## - PHYSICAL DESCRIPTION
Extent 451 p. :
Other physical details ill. ;
Dimensions 24 cm.
490 ## - Series Statement
-- 18570
Series statement Ellis Horwood Series in Engineering Science
504 ## - BIBLIOGRAPHY, ETC. NOTE
Bibliography, etc Includes bibliographical references and index.
650 #0 - SUBJECT ADDED ENTRY--TOPICAL TERM
Topical term or geographic name as entry element Structural analysis (Engineering)
9 (RLIN) 18579
942 ## - ADDED ENTRY ELEMENTS (KOHA)
Item type Book - Borrowing
Call number prefix 624.1773SMI
Source of classification or shelving scheme Dewey Decimal Classification
Holdings
Withdrawn status Item status Source of classification or shelving scheme Damaged status Not for loan Vendor Home library Current library Shelving location Date acquired Source of acquisition Total Checkouts Full call number Barcode Date last seen Koha item type
    Dewey Decimal Classification       Central Library Central Library First floor 07/09/2010     624.1773 SMI 000000196 15/07/2025 Book - Borrowing